|
|
|
|
| LEADER |
00903nta a2200205 i 4500 |
| 001 |
dipl37413 |
| 005 |
20160520155900.0 |
| 008 |
120711s2012 hu om 0|| zxx d |
| 040 |
|
|
|a SZTE Diploma Repozitórium
|b hun
|
| 041 |
|
|
|a zxx
|
| 100 |
1 |
|
|a Friss Gyula
|
| 245 |
1 |
0 |
|a Magyarország energetikája a 80-as évektől napjainkig. A társadalmi és gazdasági hatások vizsgálata
|h [elektronikus dokumentum] /
|c Gyula Friss
|
| 260 |
|
|
|c 2012
|
| 650 |
|
4 |
|a Informatika
|
| 650 |
|
4 |
|a Computer and information sciences
|
| 700 |
0 |
1 |
|a Csendes Tibor
|e ths
|
| 700 |
0 |
1 |
|a Csicsman József
|e ths
|
| 856 |
4 |
0 |
|u https://diploma.bibl.u-szeged.hu/id/eprint/37413/1/2012_friss_gyula.pdf
|z Dokumentum-elérés
|
| 856 |
4 |
0 |
|u https://diploma.bibl.u-szeged.hu/id/eprint/37413/2/2012_friss_gyula_biralati.pdf
|z Dokumentum-elérés
|
| 856 |
4 |
0 |
|u https://diploma.bibl.u-szeged.hu/id/eprint/37413/3/2012_friss_gyula.tgz
|z Dokumentum-elérés
|